| 000 | 00836nam a2200253 a 4500 | ||
|---|---|---|---|
| 999 |
_c416696 _d416696 |
||
| 003 | BLK | ||
| 005 | 20250802095731.0 | ||
| 008 | 210528b bu |||||r|||| 00| | bu d | ||
| 020 | _a9789542835240 | ||
| 040 | _aBLK | ||
| 041 |
_aBUL _cBUL |
||
| 080 |
_aАнглоканадска литература _b821.111(71) _z821.111(71)-31 |
||
| 100 |
_91299 _aКенеди, Ел _eпърви автор |
||
| 139 |
_aКенеди, Ел _bК 50 |
||
| 245 |
_aГрешката _cЕл Кенеди; прев. от англ. Цветана Генчева |
||
| 260 |
_9217021 _aСофия _bСиела Норма _c2021 _n978-954-28- |
||
| 300 |
_a350 с. _c21 см |
||
| 380 | _aX | ||
| 490 |
_9455718 _aOff - Campus _v2 |
||
| 852 | _bП | ||
| 942 |
_cKNG _n0 _s1 _051 |
||
| 944 |
_aCR _k30575 _lМартин Енчев |
||
| 999 | _d416696 | ||